| 000 | 00951nam a2200229Ia 4500 | ||
|---|---|---|---|
| 999 |
_c37697 _d37697 |
||
| 001 | 3670 | ||
| 003 | GE_BSU | ||
| 005 | 20230208111347.0 | ||
| 008 | 181216s2004||||ge |||||||||||||| ||geo|| | ||
| 020 | _a9992832924 | ||
| 040 | _cGE_BSU | ||
| 041 | _ageo | ||
| 080 | _a340.1(075.8) ხ–89 | ||
| 100 |
_aხუბუა, გიორგი _9927 |
||
| 245 |
_aსამართლის თეორია : _bიურიდ. ფაკ. სტუდენტებისათვის / _cგიორგი ხუბუა, რედ. მ.ჩიკვილაძე |
||
| 264 |
_aთბილისი : _bმერიდიანი, _c2004. |
||
| 300 |
_a219 გვ. ; _b23 სმ. |
||
| 504 | _aბიბლიოგრ. ტექსტ. შენიშვნ. | ||
| 653 | _aსამართლის თეორია | ||
| 700 |
_aჩიკვილაძე, მიხეილ _eრედაქტორი _916863 |
||
| 942 |
_cBK _2udc |
||